MDQL
is popping MORE tags! Check the
thread
!
Quizzes
Events
Quiz Creation
Community
Videos
Private Events
Remove Ads
Sign In
Join for FREE
Feedback
Dark Mode
Quiz Categories
Sports
Geography
Music
Movies
Television
Just For Fun
Miscellaneous
History
Literature
Language
Science
Gaming
Entertainment
Religion
Holiday
For Kids
Quiz Lab
Recent
Popular Today
Quiz Kudos Today
Editor Picks
Curator Picks
Quizzes by...
Day
Popularity
Type
Ratings
Length
Year
Community
Subscriptions
Recent Discussions
Orange Saloon
Badges
Playlists
Quests
Create
Leaderboards
Showdown
Live 5
Trivia Bingo
Activity
Puzzle Library
Sporcle Events
Private Events
Virtual Trivia
Globe League
Become a Host
Pub Owners
SporcleCon
Opinionation
Our Games
Videos
Blog
Mobile Apps
Partnerships
Remove Ads and Go Orange
Feedback
Gaming
Video Games
Board Games
Card Games
Pokémon
Mario
Nintendo
Minecraft
Console
Toys
Legend of Zelda
Gaming
Video Games
Board Games
Card Games
Pokémon
Mario
Nintendo
Minecraft
Console
Toys
Legend of Zelda
Random Quiz
Search Sporcle
×
Quiz Lab
Quiz Lab
Gaming
Pokémon
Type in answers that appear in a list
Type in answers that appear in a list
Classic
Best Score? Go Orange.
Pokemon Starting with 'H' Stats
Can you name the Pokemon Starting with 'H'
By
babensee
10m
29 Questions
87 Plays
87 Plays
87 Plays
Comments
Comments
Give Quiz Kudos
Give Quiz Kudos
-
- Ratings
hide this ad
More Info
Random Order
Randomize order of answers
Randomize order of answers
Replay
Link that replays current quiz
Next Quiz
Link to next quiz in quiz playlist
You Got
0%
They Got
Avg Score
73%
Avg Friend Score
Upgrade to see
Score Distribution
Jump to the score distribution portion of the page
Score
0/29
Timer
10:00
0
Plays Today
Type
Pokemon
% Correct
DARK/
FIRE
HOUNDOOM
93.1%
GHOST/
POISON
HAUNTER
90.8%
BUG/
FIGHTING
HERACROSS
90.8%
DARK/
FIRE
HOUNDOUR
90.8%
FIGHTING
HITMONLEE
89.7%
FIGHTING
HITMONCHAN
89.7%
FIGHTING
HITMONTOP
88.5%
FIRE/
STEEL
HEATRAN
86.2%
GRASS/
FLYING
HOPPIP
83.9%
FIGHTING/
FLYING
HAWLUCHA
78.2%
FIRE/
FLYING
HO-OH
78.2%
FIGHTING
HARIYAMA
77%
DARK/
DRAGON
HYDREIGON
77%
DARK/
FLYING
HONCHKROW
75.9%
ELECTRIC/
NORMAL
HELIOPTILE
73.6%
Type
Pokemon
% Correct
STEEL/
GHOST
HONEDGE
73.6%
ELECTRIC/
NORMAL
HELIOLISK
72.4%
NORMAL/
FLYING
HOOTHOOT
71.3%
DRAGON
HAXORUS
66.7%
GROUND
HIPPOPOTAS
65.5%
GROUND
HIPPOWDON
65.5%
WATER
HUNTAIL
65.5%
BUG/
FIGHTING
MEGA HERACROSS
63.2%
DARK/
FIRE
MEGA HOUNDOOM
62.1%
PSYCHIC
HYPNO
62.1%
WATER
HORSEA
60.9%
FIRE
HEATMOR
58.6%
NORMAL
HAPPINY
57.5%
NORMAL
HERDIER
37.9%
Quiz Playlist
Details
Report
Send in Message
Add To Playlist
More Info:
Includes Mega Evolutions
Classic:
Type in answers that appear in a list
Random Order:
Randomize order of answers
Last Updated: Feb 16, 2017
Quiz Scoreboard
CHALLENGE
Sign Up to Join the Scoreboard
Show All
Scores
Hide
Comments
May contain spoilers
Recently Published
Colored Red Africa Blitz
by spor1
Geography
30s
Find the 'City' Movie
by crazypaving
Movies
60s
5x2 Blitz: Bands
by SL_Kpop136
Music
30s
More to Explore
Quiz From the Vault
Featured Blog Post
14 Easter Pick-up Lines to Find Eggs With
hide this ad
You Might Also Like...
Tags
Pokémon Quiz
Starting
Today's Top Quizzes in Gaming
Browse Gaming
hide this ad
Today's Top Quizzes in Pokémon
Browse Pokémon
Top Contributed Quizzes in Gaming
1
Dead By Daylight Logic Puzzle
2
Destiny 2 exotic weapons by perk icons
3
League of Legends Pro Players by Career/Team History
4
Genshin Impact Logic Puzzle Quiz II
5
Windmill: Elements
6
Minecraft Typing Challenge
7
Pokémon Spelling Bee
8
Genshin murder mystery
9
Legendary or Exotic?
10
Overwatch 2: Ultimate Ability Icons
Explore More
Trending Topics
NBA
Harry Potter
Crossword
Anime
Kpop
Marvel
Disney
Country
Pokémon
Puzzle
Song
The Office
Soccer
WWE
NFL
hide this ad
More By:
babensee
Quiz
Plays
Rating
Category
Featured
Created
Rupaul's Drag Race Queens with 1M+ Followers
834
5.00
Entertainment
May 15, 2019
Carrie Underwood Songs
666
5.00
Music
Jun 19, 2016
Electric Type Pokemon
614
1.00
Gaming
Feb 17, 2014
Shugo Chara Ultimate Quiz
599
3.80
Television
Mar 22, 2013
Grass Type Pokemon
465
5.00
Gaming
Feb 16, 2014
Go to Creator's Profile
Score Distribution
Quiz Creator Spotlight
babensee
Follow
Send a Message
Quizzes Created
-
Created Quiz Play Count
-
More By This Creator
Popular Quizzes Today
1
Find the 'City' Movie
2
Colored Red Africa Blitz
3
Find the US States - No Outlines Minefield
4
5x2 Blitz: Bands
5
The Countries of the World
6
Find the US States
7
US States
8
9x9 Crossword: Cartoon Network
More Gaming Quizzes
Tough Choices: Gaming Edition
Published
Trending Quizzes
Colored Red Europe Blitz I
Colored Red Africa Blitz II
Colored Red Europe Blitz II
Colored Red Africa Blitz III
Colored Red Europe Blitz III
Recently Updated
2024 March Madness Bracket
pecheneg
Famous TV Couples
Peacemaker
Champions League XIs: Real Madrid
pecheneg
Largest US Cities 1790-2010
pecheneg
Rides in Walt Disney World
pecheneg
Most Oscar Losses (Acting)
pecheneg
Beyoncé Albums
pecheneg
Leaping Animals
pecheneg
Reality TV Shows (A-Z)
bhenderson79
Rickey Henderson's Hall of Fame Teammates
pecheneg
Trending Topics
Marvel
Kpop
Disney
Anime
NBA
Harry Potter
Crossword
Pokémon
Soccer
Country
WWE
Song
NFL
Puzzle
The Office
Your Account Isn't Verified!
In order to create a playlist on Sporcle, you need to verify the email address you used during registration. Go to your
Sporcle Settings
to finish the process.
Report this User
Report this user for behavior that violates our
Community Guidelines
.
Details:
Send Report
Go to the Sporcle.com Mobile Site →
Comments